000 01179cam a22001934a 4500
005 20250605164136.0
008 250528s ||||||||||||||||||||||||d
035 _a18799
020 _a14013724
040 _aGR-AtMCL
_bgre
_dGR-AtMCL
_eAACR2
245 1 _aDiscipline and Punish / The Birth of the Prison
260 _bPenguin Books,
_c1979
300 _a338
520 _aThe writer in this book shows in fascinating detail the development of the Western System of prisons, police organizations, administrative and legal hierarchs for social control - and the growth of disciplinary society as a whole. Torture, The Body of the Condemned, The Spectacle of the Scaffold, Punishment, Generalized Punishment, The Gentle Way in Punishment, Discipline, Docile Bodies, The Art of Distributions, The Control of Activity, The Organization of Geneses, The Composition of Forces, The Means of Correct Training, Hierarchical Observation, Normalizing Judgement, The Examination, Panopticism, Complete and Austere Institutions, Illegalities and Delinquency, The Carceral, Notes, Bibliography.
700 1 _aFoucault Michel
_9674
942 _cBK
999 _c4112
_d4112